| 000 | 02108cam a2200361 i 4500 | ||
|---|---|---|---|
| 001 | 20283777 | ||
| 003 | NUST | ||
| 005 | 20220812122405.0 | ||
| 008 | 180118s2017 pk a 000 0aeng | ||
| 010 | _a 2018322057 | ||
| 020 | _a9780199407613 | ||
| 025 | _aP-E-2018322057; 15 | ||
| 037 | _bLibrary of Congress -- Islamabad Overseas Office | ||
| 040 |
_aDLC _beng _cDLC _erda |
||
| 042 |
_alcode _apcc |
||
| 043 | _aa-pk--- | ||
| 050 | 0 | 0 |
_aDS385.A48 _bA54 2017 |
| 082 | _a327.2092, AKH | ||
| 100 | 1 |
_aAkhund, Iqbal, _eauthor. _996987 |
|
| 245 | 1 | 0 |
_aOf pearls and pecks of straw : _brecollections, essays, after-thoughts / _cIqbal Akhund. |
| 250 | _aFirst edition. | ||
| 264 | 1 |
_aKarachi : _bOxford University Press, _c2017. |
|
| 300 |
_axxvii, 227 pages : _billustrations (some in color) ; _c22 cm |
||
| 336 |
_atext _btxt _2rdacontent |
||
| 337 |
_aunmediated _bn _2rdamedia |
||
| 338 |
_avolume _bnc _2rdacarrier |
||
| 505 | _a The past disappeared in one stroke (Page-1), 'Where are such men (Page-9),Time, like a dark wind (Page-18),'Wa raqs mi kunad (Page-31), forgotten page (Page-36), journey of which I knew not the destination (Page-42),Reshmi Rumaal (Page-52),Purdah (Page-55),Emancipation (Page-60),Westernization (Page-66),Paris of the East (Page-73),Leftovers (Page-80),Solitary, not lonely (Page-86),Homebodies (Page-97),Tiffin carriers and holdalls (Page-117),East is East and West is West (Page-124), Showpang (Page-128), The demon drink (Page-132), School (Page-137), Joe, Jim, Jam (Page-142),Two Nations (Page-150), Pakistan ka matlab kya (Page-154), Urdish/Hindlish (Page-161), Feudal interlude (Page-166), Veracity, loyalty, modesty (Page-174), When France was France (Page-179), And yet (Page-183), Sole superpower (Page-187), Latvia (Page-193), Law of the jungle (Page-201), Unusual encounters (Page-207). | ||
| 600 | 1 | 0 |
_aAkhund, Iqbal. _996987 |
| 650 | 0 |
_aDiplomats _zPakistan _vBiography. _996988 |
|
| 906 |
_a7 _bcbc _corigode _d3 _encip _f20 _gy-gencatlg |
||
| 942 |
_2ddc _cBK |
||
| 999 |
_c590924 _d590924 |
||